<?xml version="1.0" encoding="UTF-8"?>
<collection xmlns="http://www.loc.gov/MARC21/slim">
 <record>
  <leader>01657nam a2200253Ia 4500</leader>
  <controlfield tag="001">TDMU_15538</controlfield>
  <controlfield tag="008">210410s9999    xx            000 0 und d</controlfield>
  <datafield tag="082" ind1=" " ind2=" ">
   <subfield code="a">531.01</subfield>
  </datafield>
  <datafield tag="090" ind1=" " ind2=" ">
   <subfield code="b">Đ458</subfield>
  </datafield>
  <datafield tag="100" ind1=" " ind2=" ">
   <subfield code="a">ĐôÌƒ, Sanh</subfield>
  </datafield>
  <datafield tag="245" ind1=" " ind2="0">
   <subfield code="a">Cơ hoÌ£c</subfield>
  </datafield>
  <datafield tag="245" ind1=" " ind2="0">
   <subfield code="b">ĐaÌƒ đươÌ£c HôÌ£i đôÌ€ng thâÌ‰m điÌ£nh saÌch cuÌ‰a BôÌ£ GiaÌo duÌ£c vaÌ€ ĐaÌ€o taÌ£o thông qua duÌ€ng laÌ€m taÌ€i liêÌ£u giaÌ‰ng daÌ£y trong caÌc trươÌ€ng ĐaÌ£i hoÌ£c kyÌƒ thuâÌ£t</subfield>
  </datafield>
  <datafield tag="245" ind1=" " ind2="0">
   <subfield code="c">ĐôÌƒ Sanh (Ch.b), Nguyễn Văn Đình, Nguyễn Văn Khang</subfield>
  </datafield>
  <datafield tag="245" ind1=" " ind2="0">
   <subfield code="n">T.1</subfield>
  </datafield>
  <datafield tag="245" ind1=" " ind2="0">
   <subfield code="p">Tĩnh học và động học</subfield>
  </datafield>
  <datafield tag="260" ind1=" " ind2=" ">
   <subfield code="a">H.</subfield>
  </datafield>
  <datafield tag="260" ind1=" " ind2=" ">
   <subfield code="b">GiaÌo duÌ£c Việt Nam</subfield>
  </datafield>
  <datafield tag="260" ind1=" " ind2=" ">
   <subfield code="c">2009</subfield>
  </datafield>
  <datafield tag="300" ind1=" " ind2=" ">
   <subfield code="a">183tr.</subfield>
  </datafield>
  <datafield tag="520" ind1=" " ind2=" ">
   <subfield code="a">Nội dung gồm 2 phần. Phần 1: Tĩnh học, gồm có 4 chương; Ch.1: Các khái niệm cơ bản và hệ tiền đề tĩnh học; Ch.2: Hệ lực không gian; Ch.3: Ma sát; Ch.4: Trọng tâm; Phần 2: Động học, gồm có Ch.1: Động học điểm; Ch.2: Chuyển động cơ bản của vật rắn; Ch.3: Hợp chuyển động điểm; Ch.4: Chuyển động son phẳng của vật rắn. </subfield>
  </datafield>
  <datafield tag="650" ind1=" " ind2=" ">
   <subfield code="a">VâÌ£t liÌ; Cơ hoÌ£c; ĐôÌ£ng hoÌ£c; Tĩnh học; Cơ hoÌ£c</subfield>
   <subfield code="x">Tĩnh hoÌ£c; Cơ học</subfield>
   <subfield code="x">Động học </subfield>
  </datafield>
  <datafield tag="700" ind1=" " ind2=" ">
   <subfield code="a">Nguyễn, Văn Đình</subfield>
  </datafield>
  <datafield tag="856" ind1=" " ind2=" ">
   <subfield code="u">http://lrc.tdmu.edu.vn/opac/search/detail.asp?aID=2&amp;ID=15538</subfield>
  </datafield>
  <datafield tag="980" ind1=" " ind2=" ">
   <subfield code="a">Trung tâm Học liệu Trường Đại học Thủ Dầu Một</subfield>
  </datafield>
 </record>
</collection>
